The management of higher education: an annotated bibliography (Record no. 82455)

MARC details
000 -LEADER
fixed length control field 00957nam a2200205 a 4500
008 - FIXED-LENGTH DATA ELEMENTS--GENERAL INFORMATION
fixed length control field 110323s1995 ||||||||||||||||| || u
020 ## - INTERNATIONAL STANDARD BOOK NUMBER
International Standard Book Number 0851431496
050 ## - LIBRARY OF CONGRESS CALL NUMBER
Classification number COMM(02)
110 ## - MAIN ENTRY--CORPORATE NAME
Corporate name or jurisdiction name as entry element The Commonwealth Higher Education Management Service
245 14 - TITLE STATEMENT
Title The management of higher education: an annotated bibliography
260 ## - PUBLICATION, DISTRIBUTION, ETC.
Place of publication, distribution, etc. London:
Name of publisher, distributor, etc. The Commonwealth Higher Education Management Service
Date of publication, distribution, etc. 1995
300 ## - PHYSICAL DESCRIPTION
Extent 40p.: ill.
350 ## -
-- 0.00
490 ## -
-- CHEMS
650 #0 - SUBJECT ADDED ENTRY--TOPICAL TERM
Topical term or geographic name entry element EDUCATIONAL TESTS AND MEASUREMENTS
650 ## - SUBJECT ADDED ENTRY--TOPICAL TERM
Topical term or geographic name entry element EDUCATION, HIGHER--PLANNING
650 ## - SUBJECT ADDED ENTRY--TOPICAL TERM
Topical term or geographic name entry element UNIVERSITIES AND COLLEGES--ADMINISTRATION
995 ## -
-- SPECIAL COLLECTIONS
-- 0.00
-- 03007530
-- CBU-MAIN LIBRARY (Kitwe)
-- 1
-- 0.00
-- COMM(02)1995/6A
-- 1
-- AVAILABLE
-- Mar 23, 2011
-- Z03007530
-- International Publications
995 ## -
-- SPECIAL COLLECTIONS
-- 0.00
-- 03007531
-- CBU-MAIN LIBRARY (Kitwe)
-- 1
-- 0.00
-- COMM(02)1995/6B
-- 2
-- AVAILABLE
-- Mar 23, 2011
-- Z03007531
-- International Publications
999 ## -
-- 82455
-- 82455
Holdings
Withdrawn status Lost status Source of classification or shelving scheme Damaged status Not for loan Permanent Location Current Location Shelving location Date acquired Total Checkouts Full call number Barcode Date last seen Copy number Price effective from Koha item type
          CBU-MAIN LIBRARY, KITWE. CBU-MAIN LIBRARY, KITWE.   09/29/2023   COMM(02)1995/6A Z03007530 09/29/2023 1 09/29/2023 SPECIAL COLLECTION
          CBU-MAIN LIBRARY, KITWE. CBU-MAIN LIBRARY, KITWE.   09/29/2023   COMM(02)1995/6B Z03007531 09/29/2023 2 09/29/2023 SPECIAL COLLECTION